书目信息 |
| 题名: |
CATLA V5R20从入门到精通
|
|
| 作者: | ;北京兆迪科技公司 编著 | |
| 分册: | ||
| 出版信息: | 北京 机械工业出版社 2020.01 |
|
| 页数: | XIV, 452页 | |
| 开本: | 26cm | |
| 丛书名: | 一线资深工程师教你学CAD/CAE/CAM丛书 | |
| 单 册: | ||
| 中图分类: | TH122 | |
| 科图分类: | ||
| 主题词: | 机械设计--ji xie she ji--计算机辅助设计--应用软件 | |
| 电子资源: | ||
| ISBN: | 978-7-111-63829-2 | |
| 000 | 01168nam 2200253 450 | |
| 001 | 2069995679 | |
| 005 | 20201105192642.80 | |
| 010 | @a978-7-111-63829-2@dCNY89.90 (含光盘) | |
| 010 | @a978-7-88803-001-5@b光盘 | |
| 100 | @a20191223d2020 em y0chiy50 ea | |
| 101 | 0 | @achi |
| 102 | @aCN@b110000 | |
| 105 | @aa z 000yy | |
| 200 | 1 | @aCATLA V5R20从入门到精通@ACATLA V5R20cong ru men dao jing tong@f北京兆迪科技有限公司编著 |
| 210 | @a北京@c机械工业出版社@d2020.01 | |
| 215 | @aXIV, 452页@c图@d26cm@e光盘1片 | |
| 225 | 2 | @a一线资深工程师教你学CAD/CAE/CAM丛书@Ayi xian zi shen gong cheng shi jiao ni xue CAD/CAE/CAM cong shu |
| 330 | @a本书全书共15章, 从CATIA V5R20基础入门讲起, 以循序渐进的方式详细讲解了草图设计、零件设计、装配设计、工程图设计、创成式曲面设计、自由曲面设计、IMA曲面设计、钣金设计、自顶向下设计、高级渲染、有限元分析、模具设计、数控加工与编程和运动仿真与分析。 | |
| 410 | 0 | @12001 @a一线资深工程师教你学CAD/CAE/CAM丛书 |
| 606 | 0 | @a机械设计@Aji xie she ji@x计算机辅助设计@x应用软件 |
| 690 | @aTH122@v5 | |
| 711 | 02 | @a北京兆迪科技公司@Abei jing zhao di ke ji gong si@4编著 |
| 801 | 0 | @aCN@b人天书店@c20200927 |
| 905 | @aZUCC@dTH122@eB650 | |
| CATLA V5R20从入门到精通/北京兆迪科技有限公司编著.-北京:机械工业出版社,2020.01 |
| XIV, 452页:图;26cm+光盘1片.-(一线资深工程师教你学CAD/CAE/CAM丛书) |
| ISBN 978-7-111-63829-2:CNY89.90 (含光盘) |
| 本书全书共15章, 从CATIA V5R20基础入门讲起, 以循序渐进的方式详细讲解了草图设计、零件设计、装配设计、工程图设计、创成式曲面设计、自由曲面设计、IMA曲面设计、钣金设计、自顶向下设计、高级渲染、有限元分析、模具设计、数控加工与编程和运动仿真与分析。 |
| ● |
| 相关链接 |
|
|
|
正题名:CATLA V5R20从入门到精通
索取号:TH122/B650
 
预约/预借
| 序号 | 登录号 | 条形码 | 馆藏地/架位号 | 状态 | 备注 |
| 1 | 1480442 | 214804425 | 期刊室512/501自科库 32排3列1层/ [索取号:TH122/B650] | 在馆 | |
| 2 | 1480443 | 214804434 | 自科库501/501自科库 32排3列1层/ [索取号:TH122/B650] | 在馆 |